[Event "GER-ch U14"]
[Site "Willingen"]
[Date "2016.05.21"]
[Round "9"]
[White "Mantel, Ruben"]
[Black "Kopylov, Daniel"]
[Result "0-1"]
[WhiteElo "2020"]
[BlackElo "2003"]
[PlyCount "78"]
[EventDate "2016.05.15"]
[EventType "swiss"]
[EventRounds "9"]
[EventCountry "GER"]
[SourceTitle "CBM 172 Extra"]
[Source "ChessBase"]
[SourceDate "2016.06.21"]
[SourceVersion "1"]
[SourceVersionDate "2016.06.21"]
[SourceQuality "1"]

1. e4 c5 2. Nc3 Nc6 3. d3 d6 4. g3 g6 5. Bg2 Bg7 6. Be3 Rb8 7. Qd2 b5 8. f4 b4 9. Nd1 a5 10. Nf3 Nd4 11. 0-0 Bg4 12. Qf2 Nxf3+ 13. Bxf3 Bh3 14. Bg2 Qc8 15. f5 Bxg2 16. Qxg2 Nf6 17. Qh3 h5 18. Qg2 Ng4 19. Bg5 Bd4+ 20. Kh1 f6 21. Bd2 h4 22. Qh3 Nh6 23. g4 g5 24. Rb1 c4 25. Be3 cxd3 26. cxd3 Qc2 27. Nf2 Bxb2 28. Qf3 0-0 29. d4 Bc3 30. e5 dxe5 31. Qd5+ Nf7 32. Ne4 exd4 33. Bxg5 fxg5 34. Qe6 Rb6 35. Qxe7 h3 36. Rg1 d3 37. Rbc1 Qe2 38. Rcf1 Be5 39. Nf2 Qf3+ 0-1

[Event "GER-ch U14"]
[Site "Willingen"]
[Date "2016.05.15"]
[Round "1"]
[White "Mantel, Ruben"]
[Black "Meric, Geoffrey"]
[Result "1-0"]
[WhiteElo "2020"]
[BlackElo "1803"]
[PlyCount "115"]
[EventDate "2016.05.15"]
[EventType "swiss"]
[EventRounds "9"]
[EventCountry "GER"]
[SourceTitle "CBM 172 Extra"]
[Source "ChessBase"]
[SourceDate "2016.06.21"]
[SourceVersion "1"]
[SourceVersionDate "2016.06.21"]
[SourceQuality "1"]

1. e4 e6 2. d4 d5 3. exd5 exd5 4. Bd3 Nc6 5. c3 Bd6 6. Qf3 Nge7 7. Ne2 Be6 8. Bf4 f6 9. 0-0 Bf7 10. Nd2 g5 11. Bxd6 Qxd6 12. Nb3 0-0-0 13. Nc5 Bg6 14. Ng3 Kb8 15. Rfe1 Rdf8 16. Bxg6 hxg6 17. Re6 Qd8 18. Rxf6 Nf5 19. Rxf8 Rxf8 20. Ne6 Nfxd4 21. Qxf8 Nxe6 22. Qxd8+ Ncxd8 23. Re1 c6 24. Ne2 Kc7 25. Nd4 Nxd4 26. cxd4 Kd7 27. f3 Ne6 28. Re5 Ke7 29. Kf2 Kf6 30. Ke3 Kf7 31. g3 Kf6 32. f4 gxf4+ 33. gxf4 g5 34. Rxe6+ Kxe6 35. fxg5 Kf5 36. h4 a5 37. Kd3 b6 38. b3 c5 39. a4 Kg6 40. Ke3 Kf5 41. Kf3 Kg6 42. Kf4 Kg7 43. h5 Kf7 44. h6 Kg6 45. Ke5 c4 46. bxc4 dxc4 47. Ke4 b5 48. axb5 a4 49. b6 a3 50. b7 a2 51. b8Q a1Q 52. Qg8+ Kh5 53. h7 Qe1+ 54. Kd5 Qh1+ 55. Kc5 Qe1 56. h8Q+ Kg4 57. Qc8+ Kxg5 58. Qg7+ 1-0

[Event "Mittelfranken Mitte-ch"]
[Site "Zirndorf"]
[Date "2016.01.06"]
[Round "7"]
[White "Leis, Stefan"]
[Black "Mantel, Ruben"]
[Result "1-0"]
[WhiteElo "1878"]
[BlackElo "1901"]
[PlyCount "159"]
[EventDate "2016.01.03"]
[EventType "swiss"]
[EventRounds "7"]
[EventCountry "GER"]
[SourceTitle "EXT 2018"]
[Source "ChessBase"]
[SourceDate "2017.10.13"]
[SourceVersion "1"]
[SourceVersionDate "2017.10.13"]
[SourceQuality "1"]

1. e4 c5 2. Nf3 Nc6 3. d4 cxd4 4. Nxd4 Nf6 5. Nc3 e5 6. Ndb5 d6 7. Bg5 a6 8. Na3 b5 9. Nd5 Be7 10. Bxf6 Bxf6 11. c4 Bg5 12. cxb5 Qa5+ 13. Nc3 Nd4 14. Bd3 Rb8 15. 0-0 axb5 16. Qh5 Bh6 17. Nd5 0-0 18. Rfd1 Be6 19. Nc2 Bxd5 20. Nxd4 Bxe4 21. Bxe4 exd4 22. Rxd4 Rfe8 23. g3 Qb6 24. Rad1 Qc5 25. Bd5 Qc7 26. Bb3 Re5 27. Qf3 Rbe8 28. Rxd6 R5e7 29. h4 g6 30. h5 Bg7 31. hxg6 hxg6 32. Rxg6 Re1+ 33. Kg2 Rxd1 34. Qxd1 Kf8 35. Qf3 Qe7 36. Rb6 Qe4 37. Rxb5 Qxf3+ 38. Kxf3 Rd8 39. Bc4 Rd7 40. a4 Ke7 41. b3 Bc3 42. Rf5 f6 43. a5 Kf8 44. a6 Rd2 45. Ke3 Rd1 46. Rh5 Bd4+ 47. Kf3 Rd2 48. Be2 Rb2 49. Rb5 Ke7 50. Ke4 Bxf2 51. Bc4 Ra2 52. Kd5 Rd2+ 53. Ke4 Ra2 54. Kf3 Bd4 55. Rd5 Bb6 56. Rd1 f5 57. Rf1 Kf6 58. g4 fxg4+ 59. Kxg4+ Ke5 60. Kf3 Kd4 61. Rd1+ Kc3 62. Ke4 Kb4 63. Kd5 Rh2 64. Kc6 Bc5 65. Re1 Rh8 66. Re6 Rb8 67. Kc7 Ra8 68. Rc6 Bd4 69. Kb7 Ra7+ 70. Kb8 Rg7 71. Kc8 Rh7 72. Rc7 Rh5 73. Kb7 Ra5 74. Rd7 Be3 75. Rd5 Ra1 76. Rb5+ Kc3 77. Re5 Bd4 78. Rd5 Bf2 79. Rd7 Ra4 80. bxa4 1-0

[Event "Mittelfranken Mitte-ch"]
[Site "Zirndorf"]
[Date "2016.01.03"]
[Round "3"]
[White "Fuchs, Gerhard"]
[Black "Mantel, Ruben"]
[Result "0-1"]
[WhiteElo "2052"]
[BlackElo "1901"]
[PlyCount "102"]
[EventDate "2016.01.03"]
[EventType "swiss"]
[EventRounds "7"]
[EventCountry "GER"]
[SourceTitle "EXT 2018"]
[Source "ChessBase"]
[SourceDate "2017.10.13"]
[SourceVersion "1"]
[SourceVersionDate "2017.10.13"]
[SourceQuality "1"]

1. e4 e6 2. Nc3 d5 3. Nf3 dxe4 4. Nxe4 Nd7 5. d4 Ngf6 6. Nxf6+ Nxf6 7. Bg5 Be7 8. Bd3 0-0 9. 0-0 b6 10. c4 Bb7 11. Ne5 h6 12. Be3 Bd6 13. Qe2 c5 14. Rad1 Qc7 15. f4 Rad8 16. Kh1 h5 17. Qe1 Bxe5 18. dxe5 Ng4 19. Bg1 g6 20. Qg3 Kg7 21. Be2 Nh6 22. Qg5 Nf5 23. Bxh5 Qe7 24. Qxe7 Nxe7 25. Be2 Nf5 26. Bf2 Be4 27. Kg1 Bc2 28. Rxd8 Rxd8 29. Rc1 Rd2 30. Bf3 Bd3 31. Rc3 Be2 32. Bxe2 Rxe2 33. g4 Nd4 34. b4 Rxa2 35. Bxd4 cxd4 36. Rd3 Ra4 37. Rxd4 Rxb4 38. Kf2 b5 39. Ke3 bxc4 40. Kd2 Rb2+ 41. Kc3 Rxh2 42. Rxc4 g5 43. f5 exf5 44. gxf5 Rh3+ 45. Kd2 Rf3 46. f6+ Kg6 47. Ra4 Rf5 48. Ra5 g4 49. Kd3 g3 50. Rxa7 g2 51. Ra8 Kh7 0-1